000
00317nam a22001337a 4500
008
170612b xxu||||| |||| 00| 0 eng d
020
_a
9780072322675
041
_a
eng
080
_2
3RD
_a
328
100
_a
19
101
_a
SHP
245
_a
RESPRESENTATIVE GOVERNMENT IN MODERN EUROPE
_c
GALLAGHER
942
_2
udc
_c
BK
999
_c
16915
_d
16915